| 000 | 01616nam2a22002411 4500 | ||
|---|---|---|---|
| 001 | rc\3560095 | ||
| 005 | 20250610041901.0 | ||
| 035 | _a(NLR Aleph) 007685142 | ||
| 090 |
_a6580867 _c6580867 |
||
| 100 | _a20130115d1977 |||y0rusy50 ca | ||
| 101 | 0 | _arus | |
| 102 | _aRU | ||
| 105 | _aa z ||||| | ||
| 200 | 1 |
_aИнструктивно-методические материалы по организации автоматизированного ведения ОКПО _f...ЦВЦ ЦСУ СССР |
|
| 210 |
_d1977 _aБ. м. |
||
| 215 |
_a114 с. _cил. _d30 |
||
| 333 | _aДСП. Экз. № 5 | ||
| 461 | 0 |
_1001rc\3560094 _12001#$aРабочий проект отраслевой системы ведения общесоюзных классификаторов технико-экономической информации (ОСВОК ТЭИ) ЦСУ СССР$eТ. 3-$fЦСУ СССР. НИИ по проектированию вычислит. центров и систем экон. информации (НИИ ЦСУ СССР)$vТ. 1 _96580858 _cМосква _d1976 _fЦСУ СССР. НИИ по проектированию вычислит. центров и систем экон. информации (НИИ ЦСУ СССР) _nБ. и. _oТ. 3- _tРабочий проект отраслевой системы ведения общесоюзных классификаторов технико-экономической информации (ОСВОК ТЭИ) ЦСУ СССР _vТ. 1 |
|
| 801 | 0 |
_aRU _bNLR _gpsbo |
|
| 801 | 1 |
_aRU _bELAR _2rusmarc |
|
| 852 |
_aNLR _j77-50К/702 |
||
| 942 | _cBOOK | ||
| 980 | _aNB | ||